000 00306nam a22001337a 4500
008 181011b xxu||||| |||| 00| 0 eng d
020 _a0471049719
041 _aeng
080 _a159.9
100 _a49
101 _aPSI
245 _aIntelligent Testing with the Wisc-R
_cKaufman, A.S
942 _2udc
_cBK
999 _c49355
_d49355